000 00609nam a2200169 u 4500
001 000020565
005 20200930011128.0
008 100810s2016 dr r 000 0 spa d
020 _a9789945894011
040 _aDO-SdBNP
_bspa
_cBNPHU
100 _aDempsey, Paul Stephen
_943288
245 0 _aDerecho internacional público del aire. /
_cPaul Stephen Dempsey ; traduccinón al español Abaca Traducciones.
260 _aSanto Domingo, :
_bInstituto Dominicano de Aviación Civil,
_c2016.
300 _a691 p. ;
_c30 cm.
590 _aInventariado, 2020 / DG
700 _aAbaca Traducciones
_eTraducción
_943289
999 _c20069
_d20069